Long Word Typing Challenge Quiz Stats

 Plays Quiz Updated Aug 9, 2017

     
Support Sporcle.
Go Orange.
Score 0/50 Timer 01:30
3 Plays Today
Type This Word % Correct
????
100%
????
98.9%
????
98.1%
????
97.6%
????
97.2%
????
96.8%
????
96.4%
????
96%
????
95.7%
????
95.3%
????
94.9%
????
94.7%
????
94.4%
????
94%
????
93.7%
????
93%
????
92.5%
????
91.8%
????
91%
????
90.3%
????
89.2%
????
87.7%
????
86.3%
????
84.5%
????
82.8%
Type This Word % Correct
????
80.5%
????
78.1%
????
76.3%
????
72.6%
????
70.4%
????
66.6%
????
58.7%
????
54.8%
????
51%
????
47.8%
????
44.3%
????
39.4%
????
36%
????
31.3%
????
26.8%
????
23.6%
????
19.6%
????
16.6%
????
13.6%
????
10.5%
????
8%
????
5.7%
????
4.1%
????
2.5%
????
1.1%

From the Vault

First Letters of Premier League Clubs

by MrWhiplash

Sports 90s
First impressions are super important, that's why we're on a first letter basis.
Remove Ads.
Support Sporcle.
Get the best of Sporcle when you Go Orange. This ad-free experience offers more features, more stats, and more fun while also helping to support Sporcle. Thank you for becoming a member.

Show Comments

Extras

Top Quizzes Today


Score Distribution

Your Account Isn't Verified!

In order to create a playlist on Sporcle, you need to verify the email address you used during registration. Go to your Sporcle Settings to finish the process.

Report this User

Report this user for behavior that violates our Community Guidelines.

Details: